header

The museum experience revisited (Record no. 31807)

MARC details
000 -LEADER
fixed length control field 01403nam a2200337Ia 4500
100 1# - MAIN ENTRY--AUTHOR NAME
Personal name Falk, John H.
245 14 - TITLE STATEMENT
Title The museum experience revisited
260 ## - PUBLICATION, DISTRIBUTION, ETC. (IMPRINT)
Place of publication Walnut Creek, Calif. :
Name of publisher Left Coast Press,
Year of publication 2012.
300 ## - PHYSICAL DESCRIPTION
Number of Pages 416 p.
650 #0 - SUBJECT ADDED ENTRY--TOPICAL TERM
Topical Term Museums
Topical Term Antiquities
700 1# - ADDED ENTRY--PERSONAL NAME
Personal name Dierking, Lynn D.
856 40 - ELECTRONIC LOCATION AND ACCESS
Uniform Resource Identifier http://site.ebrary.com/lib/rucke/Doc?id=10641972

No items available.

© 2026 Rongo University
Contact us: librarian | system librarian | Rongo university